000 00781cam a2200205 i 4500
005 20251223090034.0
008 250721s9999 gr 000 0 ara d
082 1 4 _a218.5
_bب ا د
100 1 _aبادحدح، علي عمر أحمد
_eمؤلف.
245 1 0 _aزاد الخطباء من أشعار البلغاء /
_cخطة واعداد واشراف د. علي عمر احمد بادحدح.
250 _aالطبعة الأولى.
264 3 1 _a[غير معرف] :
_b[غير معرف]،
_c2007.
300 _a275 صفحة.
490 0 _aموسوعة زاد الخطباء ؛
_vرقم 6.
650 1 7 _aالوعظ والارشاد.
650 1 7 _aالخطب.
830 0 _aموسوعة زاد الخطباء.
942 _2ddc
_cBK
999 _c113959
_d113959